List of factories coming under the operation of the factories Act 1948 for the year 1956 (Record no. 509381)

000 -LEADER
fixed length control field 00315nam a22000977a 4500
082 ## - DEWEY DECIMAL CLASSIFICATION NUMBER
Classification number R6065x5452 1956
100 ## - MAIN ENTRY--PERSONAL NAME
Personal name Madras. Labour Department
9 (RLIN) 5110
245 ## - TITLE STATEMENT
Title List of factories coming under the operation of the factories Act 1948 for the year 1956
260 ## - PUBLICATION, DISTRIBUTION, ETC. (IMPRINT)
Place of publication, distribution, etc Madras
Name of publisher, distributor, etc Government of Madras
Date of publication, distribution, etc 2018
300 ## - PHYSICAL DESCRIPTION
Extent 196p.
Holdings
Withdrawn status Lost status Source of classification or shelving scheme Damaged status Koha normalized classification for sorting Not for loan Permanent location Current location Date acquired Full call number Barcode Date last seen Price effective from Koha item type
        R_6065X5452_1956_000000000000000   Indian Institute of Public Administration Indian Institute of Public Administration 2019-05-07 R6065x5452 1956 GG34517 2019-05-07 2019-05-07 GG

Powered by Koha